MARC

LEADER 00000nam0a2200000 4500
001 327820
005 20231102004010.0
035 |a (RuTPU)RU\TPU\book\353507 
035 |a RU\TPU\book\353273 
090 |a 327820 
100 |a 20170206d1979 k y0rusy50 ca 
101 0 |a rus 
102 |a RU 
105 |a a z 001zy 
200 1 |a Радиоэлектронные устройства систем передачи информации. (Вопросы радиоэлектроники)  |e [сборник статей]  |f Московское высшее техническое училище им. Н. Э. Баумана ; под ред. А. М. Кугушева 
210 |a Москва  |c Изд-во МВТУ  |d 1979 
215 |a 155 с.  |c ил. 
225 1 |a Труды Московского высшего технического училища (МВТУ)  |v № 305 
320 |a Библиография в конце статей 
606 1 |a Радиоэлектроника  |2 stltpush  |3 (RuTPU)RU\TPU\subj\69507  |9 84342 
610 1 |a информация 
610 1 |a передача 
610 1 |a сигналы 
610 1 |a непараметрическое обнаружение 
610 1 |a коррелированные помехи 
610 1 |a неразрешаемые сигналы 
610 1 |a широкополосные антенны 
610 1 |a лазеры 
610 1 |a импульсы 
610 1 |a транзисторные усилители 
675 |a 621.37/.39  |v 3 
702 1 |a Кугушев  |b А. М.  |4 340 
712 0 2 |a Московское высшее техническое училище им. Н. Э. Баумана  |2 stltpush  |3 (RuTPU)RU\TPU\col\3064 
801 1 |a RU  |b 63413507  |c 20061211  |g PSBO 
801 2 |a RU  |b 63413507  |c 20170207  |g PSBO 
942 |c BK